00776nam a22001817a 4500003000900000005001700009007000300026008004100029040002500070082002600095110010600121245004700227260007200274300002600346490008400372650007100456650006700527DO-SdBNP20221129134401.0ta201820b2016 ||||| |||| 00| 0 eng d aDO-SdBNPbspacBNPHU 4a737.497293bB213e2222 aBanco Central de la República DominicanabDepartamento Cultural. Museo Numismático y Filatélico1 aHistoria popular de la moneda dominicana / aSanto Domingo :bBanco Central de la República Dominicana,c2016. a39 p. :bil.,c22 cm. a Banco Central de la República Dominicana ; Serie folletos educativos 36v231 4aBilletes de bancozRepública DominicanavExposicionesy2016-2018 4aNumismáticazRepública DominicanavExposicionesx2016-2018